The Full 2023 NFL Draft - Statistics

General Stats
  • This quiz has been taken 1,446 times
  • The average score is 73 of 259
Answer Stats
Pick Player Team Position College % Correct
1 Bryce Young Carolina Panthers QB Alabama
99%
2 C.J. Stroud Houston Texans QB Ohio State
98%
4 Anthony Richardson Indianapolis Colts QB Florida
94%
70 Byron Young Las Vegas Raiders DT Alabama
93%
77 Byron Young Los Angeles Rams DE Tennessee
93%
123 Cameron Young Seattle Seahawks DT Mississippi State
93%
169 Asim Richards Dallas Cowboys OT North Carolina
90%
8 Bijan Robinson Atlanta Falcons RB Texas
88%
3 Will Anderson Jr. Houston Texans DE LSU
88%
217 Brad Robbins Cincinnati Bengals P Michigan
85%
140 Dorian Thompson-Robinson Cleveland Browns QB UCLA
85%
12 Jahmyr Gibbs Detroit Lions RB Alabama
85%
145 Jammie Robinson Carolina Panthers S Florida State
85%
124 Tavius Robinson Baltimore Ravens DE Ole Miss
85%
251 Spencer Anderson Pittsburgh Steelers OG Maryland
84%
51 Cam Smith Miami Dolphins CB South Carolina
81%
170 Christopher Smith II Las Vegas Raiders S Georgia
81%
26 Mazi Smith Dallas Cowboys DT Michigan
81%
30 Nolan Smith Philadelphia Eagles DE Georgia
81%
165 Terell Smith Chicago Bears CB Minnesota
81%
5 Devon Witherspoon Seattle Seahawks CB Illinois
80%
9 Jalen Carter Philadelphia Eagles DT Georgia
79%
6 Paris Johnson Jr. Arizona Cardinals OT Ohio State
78%
22 Zay Flowers Baltimore Ravens WR Boston College
78%
242 Anthony Johnson Green Bay Packers CB Virginia
77%
160 Antonio Johnson Jacksonville Jaguars S Texas A&M
77%
259 Desjuan Johnson Los Angeles Rams DT Toldeo
77%
80 D.J. Johnson Carolina Panthers DE Oregon
77%
115 Roschon Johnson Chicago Bears RB Texas
77%
23 Jordan Addison Minnesota Vikings WR USC
76%
20 Jaxon Smith-Njigba Seattle Seahawks WR Ohio State
75%
33 Will Levis Tennessee Titans QB Kentucky
71%
25 Dalton Kincaid Buffalo Bills TE Utah
70%
21 Quentin Johnston Los Angeles Chargers WR TCU
70%
17 Christian Gonzalez New England Patriots CB Oregon
69%
34 Sam LaPorta Detroit Lions TE Iowa
66%
14 Broderick Jones Pittsburgh Steelers OT Georgia
63%
233 Andre Jones Jr. Washington Commanders DE Louisiana
62%
131 Charlie Jones Cincinnati Bengals WR Purdue
62%
111 Dawand Jones Cleveland Browns OT Ohio State
62%
221 Jaylon Jones Indianapolis Colts CB Texas A&M
62%
250 Nic Jones Kansas City Chiefs CB Ball State
62%
7 Tyree Wilson Las Vegas Raiders DE Texas Tech
62%
18 Jack Campbell Detroit Lions LB Iowa
60%
94 Michael Wilson Arizona Cardinals WR Stanford
60%
35 Michael Mayer Las Vegas Raiders TE Notre Dame
58%
32 Joey Porter Jr. Pittsburgh Steelers CB Penn State
57%
13 Lukas Van Ness Green Bay Packers DE Iowa
56%
16 Emmanuel Forbes Washington Commanders CB Mississippi State
55%
10 Darnell Wright Chicago Bears OT Tennessee
49%
11 Peter Skoronski Tennessee Titans OT Northwestern
49%
55 Rashee Rice Kansas City Chiefs WR SMU
49%
15 Will McDonald IV New York Jets DE Iowa State
49%
24 Deonte Banks New York Giants CB Maryland
48%
163 Chase Brown Cincinnati Bengals RB Illinois
46%
50 Jayden Reed Green Bay Packers WR Michigan State
46%
87 Ji'Ayir Brown San Francisco 49ers S Penn State
46%
66 Sydney Brown Philadelphia Eagles S Illinois
46%
198 Jerrick Reed II Seattle Seahawks S New Mexico
45%
45 Brian Branch Detroit Lions S Alabama
44%
28 Myles Murphy Cincinnati Bengals DE Clemson
44%
29 Bryan Bresee New Orleans Saints DT Clemson
43%
19 Calijah Kancey Tampa Bay Buccaneers DT Pittsburgh
43%
91 Dorian Williams Buffalo Bills LB Tulane
43%
72 Garrett Williams Arizona Cardinals CB Syracuse
43%
68 Hendon Hooker Detroit Lions QB Tennessee
43%
42 Luke Musgrave Green Bay Packers TE Oregon State
43%
69 Nathaniel Dell Houston Texans WR Houston
43%
52 Zach Charbonnet Seattle Seahawks RB UCLA
43%
39 Jonathan Mingo Carolina Panthers WR Ole Miss
41%
84 Devon Achane Miami Dolphins RB Texas A&M
40%
93 Darnell Washington Pittsburgh Steelers TE Georgia
39%
99 Jake Moody San Francisco 49ers K Michigan
39%
73 Jalin Hyatt New York Giants WR Tennessee
39%
185 Parker Washington Jacksonville Jaguars WR Penn State
39%
78 Tucker Kraft Green Bay Packers TE South Dakota State
39%
27 Anton Harrison Jacksonville Jaguars OT Oklahoma
38%
46 Keion White New England Patriots DE Georgia Tech
38%
63 Marvin Mims Denver Broncos WR Oklahoma
38%
79 Josh Downs Indianapolis Colts WR North Carolina
37%
128 Stetson Bennett Los Angeles Rams QB Georgia
37%
75 Zach Harrison Atlanta Falcons DE Ohio State
37%
104 Jakorian Bennett Las Vegas Raiders CB Maryland
36%
37 Derick Hall Seattle Seahawks DE Auburn
34%
164 Jaren Hall Minnesota Vikings QB BYU
34%
81 Tyjae Spears Tennessee Titans RB Tulane
34%
31 Felix Anudike-Uzomah Kansas City Chiefs DE Kansas State
33%
88 Tank Bigsby Jacksonville Jaguars RB Auburn
33%
135 Aidan O'Connell Las Vegas Raiders QB Purdue
31%
58 Luke Schoonmaker Dallas Cowboys TE Michigan
30%
177 Puka Nacua Los Angeles Rams WR BYU
29%
74 Cedric Tillman Cleveland Browns WR Tennessee
28%
125 Derius Davis Los Angeles Chargers WR TCU
28%
57 John Michael Schmitz New York Giants C Minnesota
27%
36 Steve Avila Los Angeles Rams OG TCU
27%
60 D.J. Turner Cincinnati Bengals CB Michigan
26%
71 Kendre Miller New Orleans Saints RB TCU
26%
89 Kobie Turner Los Angeles Rams DT Wake Forest
26%
121 Ventrell Miller Jacksonville Jaguars LB Florida
26%
48 Cody Mauch Tampa Bay Buccaneers OG North Dakota State
25%
105 Kelee Ringo Philadelphia Eagles CB Georgia
25%
59 O'Cyrus Torrence Buffalo Bills OG Florida
24%
56 Tyrique Stevenson Chicago Bears CB Miami
24%
61 Brenton Strange Jacksonville Jaguars TE Penn State
23%
127 Jake Haener New Orleans Saints QB Fresno State
23%
43 Joe Tippmann New York Jets C Wisconsin
23%
83 Riley Moss Denver Broncos CB Iowa
23%
139 Clayton Tune Arizona Cardinals QB Houston
22%
67 Drew Sanders Denver Broncos LB Arkansas
22%
149 Sean Clifford Green Bay Packers QB Penn State
22%
41 B.J. Ojulari Arizona Cardinals DE LSU
21%
159 Dontayvion Wicks Green Bay Packers WR Virginia
21%
44 Julius Brents Indianapolis Colts CB Kansas State
21%
239 Max Duggan Los Angeles Chargers QB TCU
21%
212 Deuce Vaughn Dallas Cowboys RB Kansas State
20%
38 Matthew Bergeron Atlanta Falcons OT Syracuse
20%
86 Trenton Simpson Baltimore Ravens LB Clemson
20%
100 Tre Tucker Las Vegas Raiders WR Cincinnati
20%
53 Gervon Dexter Chicago Bears DT Florida
19%
95 Jordan Battle Cincinnati Bengals S Alabama
19%
49 Keeanu Benton Pittsburgh Steelers DT Wisconsin
19%
219 Antoine Green Detroit Lions WR North Carolina
18%
96 Brodric Martin Detroit Lions DT Western Kentucky
18%
90 DeMarvion Overshown Dallas Cowboys LB Texas
18%
40 Isaiah Foskey New Orleans Saints DE Notre Dame
18%
47 Jartavius Martin Washington Commanders S Illinois
18%
62 Juice Scruggs Houston Texans C Penn State
18%
188 Tanner McKee Philadelphia Eagles QB Stanford
18%
207 Anders Carlson Green Bay Packers K Auburn
17%
175 Davis Allen Los Angeles Rams TE Clemson
17%
187 Kayshon Boutte New England Patriots WR LSU
17%
112 Chase Ryland New England Patriots K Maryland
16%
158 Daniel Scott Minnesota Vikings S California
16%
178 Eric Scott Jr. Dallas Cowboys CB Southern Mississippi
16%
191 Trey Palmer Tampa Bay Buccaneers WR Nebraska
16%
133 Tyler Scott Chicago Bears WR Cincinnati
16%
248 Brandon Hill Houston Texans S Pittsburgh
15%
223 Ethan Evans Los Angeles Rams P Wingate
15%
215 Zach Evans Los Angeles Rams RB Ole Miss
15%
101 Cameron Latu San Francisco 49ers TE Alabama
14%
234 Jason Taylor II Los Angeles Rams S Oklahoma State
14%
173 Robert Beal Jr. San Francisco 49ers DE Georgia
14%
205 Xavier Hutchinson Houston Texans WR Iowa State
14%
206 Andrei Iosivas Cincinnati Bengals WR Princeton
13%
85 Daiyan Henley Los Angeles Chargers LB Washington State
13%
172 Eric Gray New York Giants RB Oklahoma
13%
244 Jalen Brooks Dallas Cowboys WR South Carolina
13%
179 Karl Brooks Green Bay Packers DT Bowling Green
13%
148 Noah Sewell Chicago Bears LB Oregon
13%
54 Tuli Tuipulotu Los Angeles Chargers DT USC
13%
82 YaYa Diaby Tampa Bay Buccaneers DE Louisville
13%
64 Zacch Pickens Chicago Bears DT South Carolina
13%
113 Clark Phillips III Atlanta Falcons CB Utah
12%
210 Demario Douglas New England Patriots WR Liberty
12%
98 Siaki Ika Cleveland Browns DT Baylor
12%
65 Tyler Steen Philadelphia Eagles OT Alabama
12%
195 A.T. Perry New Orleans Saints WR Wake Forest
11%
166 B.J. Thompson Kansas City Chiefs DE Stephen F. Austin
11%
193 Chris Rodriguez Jr. Washington Commanders RB Kentucky
11%
143 Israel Abanikanda New York Jets RB Pittsburgh
11%
76 Marte Mapu New England Patriots LB Sacramento State
11%
151 Mike Morris Seattle Seahawks DE Michigan
11%
253 Ronnie Bell San Francisco 49ers WR Michigan
11%
218 Travis Bell Chicago Bears DT Kennesaw State
11%
92 Wanya Morris Kansas City Chiefs OT Oklahoma
11%
106 Blake Freeland Indianapolis Colts OT BYU
10%
247 Brayden Willis San Francisco 49ers TE Oklahoma
10%
176 Evan Hull Indianapolis Colts RB Northwestern
10%
167 Henry To'oto'o Houston Texans LB Alabama
10%
137 K.J. Henry Washington Commanders DE Clemson
10%
102 Mekhi Blackmon Minnesota Vikings CB USC
10%
132 Nick Herbig Pittsburgh Steelers LB Wisconsin
10%
142 Cameron Mitchell Cleveland Browns CB Northwestern
9%
107 Jake Andrews New England Patriots C Troy
9%
237 Kenny McIntosh Seattle Seahawks RB Georgia
9%
182 Tre'Vius Hodges-Tomlinson Los Angeles Rams CB TCU
9%
110 Adetomiwa Adebawore Indianapolis Colts DT Northwestern
8%
232 Carrington Valentine Green Bay Packers CB Kentucky
8%
114 Chandler Zavala Carolina Panthers OG N.C. State
8%
116 Colby Wooden Green Bay Packers DT Auburn
8%
134 Jay Ward Minnesota Vikings CB LSU
8%
147 Josh Whyle Tennessee Titans TE Cincinnati
8%
180 Kei'Trel Clark Arizona Cardinals CB Louisville
8%
258 Kendall Williamson Chicago Bears S Stanford
8%
97 Ricky Stromberg Washington Commanders C Arkansas
8%
117 Sidy Sow New England Patriots OG Eastern Michigan
8%
229 Andrew Vorhees Baltimore Ravens OG USC
7%
108 Anthony Bradford Seattle Seahawks OG LSU
7%
192 Bryce Baringer New England Patriots P Michigan State
7%
120 Carter Warren New York Jets OT Pittsburgh
7%
119 Chamarri Conner Kansas City Chiefs CB Virginia Tech
7%
241 Cory Trice Pittsburgh Steelers CB Purdue
7%
222 DeWayne McBride Minnesota Vikings RB UAB
7%
183 JL Skinner Denver Broncos S Boise State
7%
150 Justin Shorter Buffalo Bills WR Florida
7%
157 Kyu Blu Kelly Baltimore Ravens CB Stanford
7%
190 Luke Wypler Cleveland Browns C Ohio State
7%
249 Moro Ojomo Philadelphia Eagles DT Texas
7%
154 Olu Oluwatimi Seattle Seahawks C Michigan
7%
220 Zack Kuntz New York Jets TE Old Dominion
7%
118 Braeden Daniels Washington Commanders OG Utah
6%
138 Darius Rush Indianapolis Colts CB South Carolina
6%
216 Dee Winters San Francisco 49ers LB TCU
6%
197 Elijah Higgins Miami Dolphins WR Stanford
6%
256 Grant DuBose Green Bay Packers WR Charlotte
6%
186 Jaelyn Duncan Tennessee Titans OT Maryland
6%
201 Jarrett Patterson Houston Texans C Notre Dame
6%
103 Nick Saldiveri New Orleans Saints OT Old Dominion
6%
162 Will Mallory Indianapolis Colts TE Miami
6%
214 Ameer Speed New England Patriots CB Michigan State
5%
144 Atonio Mafi New England Patriots OG UCLA
5%
226 Cooper Hodges Jacksonville Jaguars OT Appalachian State
5%
213 Dante Stills Arizona Cardinals DT West Virginia
5%
224 DeMarcco Hellams Atlanta Falcons S Alabama
5%
126 Isaiah McGuire Cleveland Browns DE Missouri
5%
255 Jalen Graham San Francisco 49ers LB Purdue
5%
141 Jaquelin Roy Minnesota Vikings DT LSU
5%
122 Jon Gaines Arizona Cardinals OG UCLA
5%
181 Josh Hayes Tampa Bay Buccaneers CB Kansas State
5%
235 Lew Nichols III Green Bay Packers RB Central Michigan
5%
168 Owen Pappoe Arizona Cardinals LB Auburn
5%
171 Payne Durham Tampa Bay Buccaneers TE Purdue
5%
238 Ryan Hayes Miami Dolphins OT Michigan
5%
153 SirVocea Dennis Tampa Bay Buccaneers LB Pittsburgh
5%
252 Alex Austin Buffalo Bills CB Oregon State
4%
257 Alex Forsyth Denver Broncos C Oregon
4%
246 D.J. Ivey Cincinnati Bengals CB Miami
4%
109 Dylan Horton Houston Texans DE TCU
4%
254 Gervarrius Owens New York Giants S Houston
4%
245 Isaiah Bolden New England Patriots CB Jackson State
4%
243 Jordon Riley New York Giants DT Oregon
4%
196 Jose Ramirez Tampa Bay Bucceneers DE Eastern Michigan
4%
194 Keondre Coburn Kansas City Chiefs DT Texas
4%
230 Nick Broeker Buffalo Bills OG Ole Miss
4%
161 Nick Hampton Los Angeles Rams DE Appalachian State
4%
189 Ochaun Mathis Los Angeles Rams DE Nebraska
4%
209 Tre Hawkins III New York Giants CB Old Dominion
4%
129 Viliami Fehoko Jr. Dallas Cowboys DE San Jose State
4%
174 Warren McClendon Los Angeles Rams OT Georgia
4%
136 Yasir Abdullah Jacksonville Jaguars LB Louisville
4%
184 Zaire Barnes New York Jets LB Western Michigan
4%
152 Colby Sorsdal Detroit Lions OT William & Mary
3%
228 Colton Dowell Tennessee Titans WR Tennessee-Martin
3%
155 Darrell Luter Jr. San Francisco 49ers CB South Alabama
3%
240 Derek Parish Jacksonville Jaguars DE Houston
3%
236 Jake Witt Indianapolis Colts OT Northern Michigan
3%
204 Jarrick Bernard-Converse New York Jets CB LSU
3%
146 Jordan Howden New Orleans Saints S Minnesota
3%
156 Jordan McFadden Los Angeles Chargers OG Clemson
3%
225 Jovaughn Gwyn Atlanta Falcons OG South Carolina
3%
199 Malaesala Aumavae-Laulu Baltimore Ravens OT Oregon
3%
231 Nesta Jade Silvera Las Vegas Raiders DT Arizona State
3%
200 Scott Matlock Los Angeles Chargers DT Boise State
3%
211 Titus Leo Indianapolis Colts DE Wagner
3%
130 Tyler Lacy Jacksonville Jaguars DT Oklahoma State
3%
203 Amari Burney Las Vegas Raiders LB Florida
2%
202 Christian Braswell Jacksonville Jaguars CB Rutgers
2%
208 Erick Hallet Jacksonville Jaguars S Pittsburgh
2%
227 Raymond Vohasek Jacksonville Jaguars DT North Carolina
2%
No matching quizzes found
Score Distribution
Percent of People with Each Score
Percentile by Number Answered
Your Score History
You have not taken this quiz